<?xml version="1.0" encoding="UTF-8"?>
<record
    xmlns:xsi="http://www.w3.org/2001/XMLSchema-instance"
    xsi:schemaLocation="http://www.loc.gov/MARC21/slim http://www.loc.gov/standards/marcxml/schema/MARC21slim.xsd"
    xmlns="http://www.loc.gov/MARC21/slim">

  <leader>02249nam a22003495a 4500</leader>
  <controlfield tag="005">20090622161940.0</controlfield>
  <controlfield tag="008">090324s2009    ii a     b    001 0 eng  </controlfield>
  <datafield tag="010" ind1=" " ind2=" ">
    <subfield code="a">ENG-94187</subfield>
  </datafield>
  <datafield tag="020" ind1=" " ind2=" ">
    <subfield code="a">9780415481410</subfield>
    <subfield code="c">845.00</subfield>
  </datafield>
  <datafield tag="035" ind1=" " ind2=" ">
    <subfield code="a">EN-77720</subfield>
  </datafield>
  <datafield tag="035" ind1=" " ind2=" ">
    <subfield code="a">B-361830-834</subfield>
  </datafield>
  <datafield tag="037" ind1=" " ind2=" ">
    <subfield code="b">DBAD / PUB</subfield>
  </datafield>
  <datafield tag="037" ind1=" " ind2=" ">
    <subfield code="b">Uppal Book Store </subfield>
  </datafield>
  <datafield tag="040" ind1=" " ind2=" ">
    <subfield code="a">dpl</subfield>
    <subfield code="b">English </subfield>
  </datafield>
  <datafield tag="082" ind1=" " ind2=" ">
    <subfield code="a">954.7053</subfield>
  </datafield>
  <datafield tag="245" ind1=" " ind2=" ">
    <subfield code="a">Pakistan in regional and global politics /</subfield>
    <subfield code="c">edited by Rajshree Jetly</subfield>
  </datafield>
  <datafield tag="260" ind1=" " ind2=" ">
    <subfield code="a">New Delhi </subfield>
    <subfield code="b">Routledge</subfield>
    <subfield code="c">2009</subfield>
  </datafield>
  <datafield tag="270" ind1=" " ind2=" ">
    <subfield code="a">912-915 Tolstory House, 15-17 Tolstoy Marg</subfield>
    <subfield code="b">New Delhi </subfield>
    <subfield code="e">110001</subfield>
  </datafield>
  <datafield tag="300" ind1=" " ind2=" ">
    <subfield code="a">xxxv, 365p. </subfield>
    <subfield code="c">23cm(Hb) </subfield>
  </datafield>
  <datafield tag="500" ind1=" " ind2=" ">
    <subfield code="a">Includes bibliographical references and index </subfield>
  </datafield>
  <datafield tag="651" ind1=" " ind2=" ">
    <subfield code="a">Pakistan</subfield>
    <subfield code="x">Politics and Government</subfield>
    <subfield code="y">2001-</subfield>
  </datafield>
  <datafield tag="651" ind1=" " ind2=" ">
    <subfield code="a">Pakistan</subfield>
    <subfield code="x">Foreign relations </subfield>
  </datafield>
  <datafield tag="700" ind1=" " ind2=" ">
    <subfield code="a">Jetly, Rajshree </subfield>
  </datafield>
  <datafield tag="942" ind1=" " ind2=" ">
    <subfield code="2">ddc</subfield>
    <subfield code="c">EN</subfield>
    <subfield code="m">PAK</subfield>
    <subfield code="h">954.7053</subfield>
  </datafield>
  <datafield tag="999" ind1=" " ind2=" ">
    <subfield code="c">27783</subfield>
    <subfield code="d">27783</subfield>
  </datafield>
  <datafield tag="952" ind1=" " ind2=" ">
    <subfield code="0">0</subfield>
    <subfield code="1">0</subfield>
    <subfield code="2">ddc</subfield>
    <subfield code="4">0</subfield>
    <subfield code="7">1</subfield>
    <subfield code="8">NFIC</subfield>
    <subfield code="a">DBAD</subfield>
    <subfield code="b">DBAD</subfield>
    <subfield code="d">2009-06-22</subfield>
    <subfield code="e">DBAD /  PUB</subfield>
    <subfield code="g">845.00</subfield>
    <subfield code="l">0</subfield>
    <subfield code="o">954.7053 PAK</subfield>
    <subfield code="p">EN-77720</subfield>
    <subfield code="r">2009-06-22 00:00:00</subfield>
    <subfield code="t">1</subfield>
    <subfield code="v">845.00</subfield>
    <subfield code="w">2009-06-22</subfield>
    <subfield code="y">EN</subfield>
  </datafield>
  <datafield tag="952" ind1=" " ind2=" ">
    <subfield code="0">0</subfield>
    <subfield code="1">0</subfield>
    <subfield code="2">ddc</subfield>
    <subfield code="4">0</subfield>
    <subfield code="7">0</subfield>
    <subfield code="8">NFIC</subfield>
    <subfield code="a">L</subfield>
    <subfield code="b">L</subfield>
    <subfield code="d">2010-03-09</subfield>
    <subfield code="e">Uppal Book Store/9020/30.1.09/138/16.10.09/30.10.09 </subfield>
    <subfield code="g">845.00</subfield>
    <subfield code="l">3</subfield>
    <subfield code="o">954.7053 PAK</subfield>
    <subfield code="p">B-361830</subfield>
    <subfield code="r">2022-05-11 00:00:00</subfield>
    <subfield code="s">2022-05-10</subfield>
    <subfield code="t">1</subfield>
    <subfield code="v">845.00</subfield>
    <subfield code="y">EN</subfield>
  </datafield>
  <datafield tag="952" ind1=" " ind2=" ">
    <subfield code="0">0</subfield>
    <subfield code="1">0</subfield>
    <subfield code="2">ddc</subfield>
    <subfield code="4">0</subfield>
    <subfield code="7">0</subfield>
    <subfield code="a">BL1</subfield>
    <subfield code="b">BL1</subfield>
    <subfield code="d">2010-03-09</subfield>
    <subfield code="e">Uppal Book Store/9020/30.1.09/138/16.10.09/30.10.09 </subfield>
    <subfield code="g">845.00</subfield>
    <subfield code="l">0</subfield>
    <subfield code="o">954.7053 PAK</subfield>
    <subfield code="p">B-361831</subfield>
    <subfield code="r">2010-03-09 00:00:00</subfield>
    <subfield code="t">1</subfield>
    <subfield code="v">845.00</subfield>
    <subfield code="w">2010-03-09</subfield>
    <subfield code="y">EN</subfield>
  </datafield>
  <datafield tag="952" ind1=" " ind2=" ">
    <subfield code="0">0</subfield>
    <subfield code="1">0</subfield>
    <subfield code="2">ddc</subfield>
    <subfield code="4">0</subfield>
    <subfield code="7">0</subfield>
    <subfield code="a">VP</subfield>
    <subfield code="b">VP</subfield>
    <subfield code="d">2010-03-09</subfield>
    <subfield code="e">Uppal Book Store/9020/30.1.09/138/16.10.09/30.10.09 </subfield>
    <subfield code="g">845.00</subfield>
    <subfield code="l">4</subfield>
    <subfield code="o">954.7053 PAK</subfield>
    <subfield code="p">B-361832</subfield>
    <subfield code="r">2022-06-24 00:00:00</subfield>
    <subfield code="s">2022-06-10</subfield>
    <subfield code="t">1</subfield>
    <subfield code="v">845.00</subfield>
    <subfield code="w">2010-03-09</subfield>
    <subfield code="y">EN</subfield>
  </datafield>
  <datafield tag="952" ind1=" " ind2=" ">
    <subfield code="0">0</subfield>
    <subfield code="1">0</subfield>
    <subfield code="2">ddc</subfield>
    <subfield code="4">0</subfield>
    <subfield code="7">0</subfield>
    <subfield code="a">BL3</subfield>
    <subfield code="b">BL3</subfield>
    <subfield code="d">2010-03-09</subfield>
    <subfield code="e">Uppal Book Store/9020/30.1.09/138/16.10.09/30.10.09 </subfield>
    <subfield code="g">845.00</subfield>
    <subfield code="l">0</subfield>
    <subfield code="o">954.7053 PAK</subfield>
    <subfield code="p">B-361833</subfield>
    <subfield code="r">2010-03-09 00:00:00</subfield>
    <subfield code="t">1</subfield>
    <subfield code="v">845.00</subfield>
    <subfield code="w">2010-03-09</subfield>
    <subfield code="y">EN</subfield>
  </datafield>
  <datafield tag="952" ind1=" " ind2=" ">
    <subfield code="0">0</subfield>
    <subfield code="1">5</subfield>
    <subfield code="2">ddc</subfield>
    <subfield code="4">0</subfield>
    <subfield code="7">0</subfield>
    <subfield code="a">BL4</subfield>
    <subfield code="b">BL4</subfield>
    <subfield code="d">2010-03-09</subfield>
    <subfield code="e">Uppal Book Store/9020/30.1.09/138/16.10.09/30.10.09 </subfield>
    <subfield code="g">845.00</subfield>
    <subfield code="l">0</subfield>
    <subfield code="o">954.7053 PAK</subfield>
    <subfield code="p">B-361834</subfield>
    <subfield code="r">2010-03-09 00:00:00</subfield>
    <subfield code="t">1</subfield>
    <subfield code="v">845.00</subfield>
    <subfield code="y">EN</subfield>
  </datafield>
</record>
